Air pollution control engineering / (Record no. 26165)
[ view plain ]
| 000 -LEADER | |
|---|---|
| fixed length control field | 00989cam a22002895a 4500 |
| 001 - CONTROL NUMBER | |
| control field | 014878510 |
| 003 - CONTROL NUMBER IDENTIFIER | |
| control field | OSt |
| 005 - DATE AND TIME OF LATEST TRANSACTION | |
| control field | 20180225114009.0 |
| 008 - FIXED-LENGTH DATA ELEMENTS--GENERAL INFORMATION | |
| fixed length control field | 990430s2000 maua frb 001 0 eng d |
| 020 ## - INTERNATIONAL STANDARD BOOK NUMBER | |
| International Standard Book Number | 0071162070 |
| 020 ## - INTERNATIONAL STANDARD BOOK NUMBER | |
| International Standard Book Number | 9780071162074 |
| 040 ## - CATALOGING SOURCE | |
| Original cataloging agency | DLC |
| Language of cataloging | eng |
| Transcribing agency | DLC |
| Modifying agency | TKR |
| -- | BAKER |
| -- | YDXCP |
| -- | OCLCQ |
| -- | IG# |
| -- | BTCTA |
| -- | OCLCG |
| -- | Uk |
| -- | EG-ScBUE |
| 082 04 - DEWEY DECIMAL CLASSIFICATION NUMBER | |
| Edition number | 22 |
| Classification number | 628.53 |
| Item number | DEN |
| 100 1# - MAIN ENTRY--PERSONAL NAME | |
| Personal name | De Nevers, Noel, |
| Dates associated with a name | 1932- |
| 9 (RLIN) | 7191 |
| 245 10 - TITLE STATEMENT | |
| Title | Air pollution control engineering / |
| Statement of responsibility, etc | Noel de Nevers. |
| 250 ## - EDITION STATEMENT | |
| Edition statement | 2nd ed., International ed. |
| 260 ## - PUBLICATION, DISTRIBUTION, ETC. (IMPRINT) | |
| Place of publication, distribution, etc | Boston : |
| Name of publisher, distributor, etc | McGraw-Hill, |
| Date of publication, distribution, etc | 2000. |
| 300 ## - PHYSICAL DESCRIPTION | |
| Extent | xxii, 586 p. : |
| Other physical details | ill. ; |
| Dimensions | 24 cm. |
| 490 0# - Series Statement | |
| Series statement | McGraw-Hill series in water resources and environmental engineering |
| 490 0# - Series Statement | |
| Series statement | McGraw-Hill chemical engineering series |
| 504 ## - BIBLIOGRAPHY, ETC. NOTE | |
| Bibliography, etc | Includes bibliographical references and index. |
| 650 #7 - SUBJECT ADDED ENTRY--TOPICAL TERM | |
| Topical term or geographic name as entry element | Air |
| General subdivision | Pollution. |
| Source of heading or term | BUEsh |
| 650 #7 - SUBJECT ADDED ENTRY--TOPICAL TERM | |
| Topical term or geographic name as entry element | Air |
| General subdivision | Purification |
| -- | Equipment and supplies. |
| Source of heading or term | BUEsh |
| 651 ## - SUBJECT ADDED ENTRY--GEOGRAPHIC NAME | |
| Source of heading or term | BUEsh |
| 653 ## - INDEX TERM--UNCONTROLLED | |
| Resource For college | Generalities |
| Arrived date list | February2018 |
| 942 ## - ADDED ENTRY ELEMENTS (KOHA) | |
| Source of classification or shelving scheme | Dewey Decimal Classification |
| Withdrawn status | Item status | Source of classification or shelving scheme | Damaged status | Not for loan | Home library | Current library | Shelving location | Date acquired | Total Checkouts | Full call number | Barcode | Date last seen | Date last borrowed | Koha item type | Checked out |
|---|---|---|---|---|---|---|---|---|---|---|---|---|---|---|---|
| Dewey Decimal Classification | Central Library | Central Library | First floor | 25/02/2018 | 1 | 628.53 DEN | 000047279 | 15/07/2025 | 13/02/2020 | Book - Borrowing | |||||
| Dewey Decimal Classification | Central Library | Central Library | First floor | 25/02/2018 | 1 | 628.53 DEN | 000006610 | 04/07/2019 | 04/07/2019 | Book - Borrowing | 22/09/2019 |